| 000 | 00336nam a2200133 4500 | ||
|---|---|---|---|
| 999 |
_c9590 _d9590 |
||
| 003 | OSt | ||
| 005 | 20210705113915.0 | ||
| 008 | 210705b ||||| |||| 00| 0 eng d | ||
| 020 | _a9783869224251 | ||
| 082 |
_a720.9598 _bAKM |
||
| 100 | _a Akmal, Imelda | ||
| 245 | _a Architectural guide Indonesia : from 1945 to the present | ||
| 942 | _2ddc | ||